[Event "II Festival A Carnevale"]
[Site "Camaiore ITA"]
[Date "1997.02.??"]
[Round "?"]
[White "Passerotti, Pierluigi"]
[Black "Pieraccini, Carlo Alberto"]
[Result "1-0"]
[WhiteElo "2300"]
[BlackElo "1790"]
[PlyCount "57"]
[EventDate "1997.02.14"]

1. d4 d5 2. c4 e6 3. Nc3 Nf6 4. Bg5 Be7 5. e3 Nbd7 6. Nf3 a6 7. Rc1 dxc4 8.
Bxc4 b5 9. Bd3 Bb7 10. O-O O-O 11. Qe2 c5 12. Rfd1 c4 13. Bb1 h6 14. Bh4 b4 15.
Na4 Qa5 16. Nc5 Nxc5 17. dxc5 Qxc5 18. Rxc4 Qb6 19. Ne5 a5 20. Bg3 Bd5 21. Rcd4
Rad8 22. h4 g5 23. hxg5 hxg5 24. Ng4 Nxg4 25. Qxg4 Rfe8 26. Be5 Kf8 27. e4 Bb7
28. Rxd8 Bxd8 29. Bd6+ 1-0

[Event "II Festival A Carnevale"]
[Site "Camaiore ITA"]
[Date "1997.02.??"]
[Round "?"]
[White "Pegoraro, Nicola"]
[Black "Aleksic, Nenad"]
[Result "0-1"]
[WhiteElo "2065"]
[BlackElo "2440"]
[PlyCount "75"]
[EventDate "1997.02.14"]

1. e4 c5 2. Nf3 d6 3. d4 cxd4 4. Nxd4 Nf6 5. Nc3 a6 6. Bg5 e6 7. f4 Qc7 8. Qf3
Nc6 9. O-O-O Bd7 10. Bxf6 gxf6 11. f5 Be7 12. fxe6 fxe6 13. Qh5+ Kd8 14. Be2
Nxd4 15. Rxd4 Qc5 16. Rhd1 Qxh5 17. Bxh5 Rg8 18. Bf3 Rc8 19. Kb1 Rg5 20. R4d3
Rgc5 21. e5 Rxe5 22. Bxb7 Rc7 23. Bf3 f5 24. g4 fxg4 25. Bxg4 Be8 26. R3d2 Bg6
27. Re2 Rxe2 28. Bxe2 Rc6 29. Bd3 Bxd3 30. Rxd3 h5 31. Ne2 Rc4 32. Rd4 Rc5 33.
b3 Rf5 34. Nc3 Kd7 35. a4 Rc5 36. Rd3 Bf6 37. Kb2 d5 38. b4 0-1

[Event "II Festival A Carnevale"]
[Site "Camaiore ITA"]
[Date "1997.02.??"]
[Round "?"]
[White "Randazzo, Sergio"]
[Black "Sulava, Nenad"]
[Result "0-1"]
[WhiteElo "1967"]
[BlackElo "2380"]
[PlyCount "73"]
[EventDate "1997.02.14"]

1. e4 c5 2. Nf3 e6 3. d4 cxd4 4. Nxd4 a6 5. Nc3 b5 6. g3 Bb7 7. Bg2 Nf6 8. a3
d6 9. O-O Qc7 10. Qe2 Be7 11. Be3 O-O 12. f4 Nc6 13. Nb3 Rfe8 14. g4 Bf8 15. g5
Nd7 16. Qf2 Rab8 17. h4 g6 18. h5 Bc8 19. hxg6 hxg6 20. Rad1 b4 21. axb4 Rxb4
22. Qh4 Bg7 23. Rf3 Nf8 24. Rh3 Ne7 25. Rh2 a5 26. Bd4 e5 27. fxe5 dxe5 28. Bc5
Be6 29. Bd6 Qc8 30. Bh3 Bxh3 31. Bxe7 Qg4+ 32. Qxg4 Bxg4 33. Bxb4 axb4 34. Ne2
Ne6 35. Kf2 Nxg5 36. Nd2 Rd8 37. Rhh1 0-1

[Event "II Festival A Carnevale"]
[Site "Camaiore ITA"]
[Date "1997.02.??"]
[Round "?"]
[White "Riccio, Eros"]
[Black "Bernago, Federico"]
[Result "1-0"]
[WhiteElo "1708"]
[BlackElo "1849"]
[PlyCount "89"]
[EventDate "1997.02.14"]

1. e4 c5 2. Nc3 Nc6 3. g3 g6 4. Bg2 Bg7 5. d3 e6 6. Be3 d6 7. Qd2 Bd7 8.
Nge2 a6 9. O-O Rb8 10. Nd1 Nd4 11. c3 Nxe2+ 12. Qxe2 Ne7 13. Qd2 h5 14. h3
e5 15. Rc1 Qc8 16. Kh2 Nc6 17. b4 b6 18. Nb2 Qd8 19. f4 Bh6 20. f5 Bxe3 21.
Qxe3 gxf5 22. exf5 Qf6 23. d4 cxd4 24. cxd4 Nxd4 25. Rc7 Rc8 26. Rxc8+ Bxc8
27. Be4 Kf8 28. Nc4 Bd7 29. Nxb6 Bb5 30. Nd5 Qd8 31. Rc1 Ne2 32. Rc7 h4 33.
g4 Ng3 34. Bg2 Bf1 35. Qc1 Bxg2 36. Rc8 Qxc8 37. Qxc8+ Kg7 38. f6+ Kh7 39.
Qb7 Bxd5 40. Qxd5 Kg6 41. Qxd6 e4 42. Qxa6 Rd8 43. Qa5 Rd1 44. Qc5 Rf1 45.
Kg2
1-0

[Event "II Festival A Carnevale"]
[Site "Camaiore ITA"]
[Date "1997.02.??"]
[Round "?"]
[White "Riccio, Eros"]
[Black "Nurkic, Sahbaz"]
[Result "0-1"]
[WhiteElo "1708"]
[BlackElo "2395"]
[PlyCount "126"]
[EventDate "1997.02.14"]

1. e4 g6 2. d4 Bg7 3. Nf3 c6 4. Bd3 Nf6 5. Nc3 d6 6. Ne2 e5 7. dxe5 dxe5 8. O-O
Nbd7 9. b4 O-O 10. Bb2 Qe7 11. Qd2 Ne8 12. Ng3 Nc7 13. a4 Ne6 14. Rfd1 Rd8 15.
Ba3 Nb6 16. b5 c5 17. a5 Nc4 18. Qc3 Nxa3 19. Qxa3 Nf4 20. Bc4 Bg4 21. h3 Be6
22. Bxe6 Nxe6 23. Rd2 Rxd2 24. Nxd2 Qd7 25. Nc4 Qxb5 26. Ne3 Rd8 27. Nd5 Nf4
28. Rd1 Nxd5 29. exd5 Qc4 30. Qb3 Qxb3 31. cxb3 f5 32. Kf1 e4 33. Ne2 Be5 34.
f3 exf3 35. gxf3 Kf7 36. Kf2 Ke7 37. Ke3 Bd4+ 38. Nxd4 Rxd5 39. Nxf5+ Rxf5 40.
Ke4 Rh5 41. Rd5 Rh4+ 42. f4 b6 43. b4 cxb4 44. axb6 axb6 45. Rb5 Kd6 46. Rxb4
Kc5 47. Rb3 b5 48. Rf3 Kc4 49. Ke3 Rh5 50. Kd2 b4 51. Kc2 Ra5 52. h4 Ra3 53.
Rf1 Ra2+ 54. Kb1 Rh2 55. f5 gxf5 56. Rxf5 Rxh4 57. Rf1 Kc3 58. Rf3+ Kc4 59. Rf2
h5 60. Kb2 Rh3 61. Rf8 Rh2+ 62. Kb1 Kc3 63. Rc8+ Kb3 0-1

[Event "II Festival A Carnevale"]
[Site "Camaiore ITA"]
[Date "1997.02.??"]
[Round "?"]
[White "Saccone, Fabio"]
[Black "Sarno, Spartaco"]
[Result "1/2-1/2"]
[WhiteElo "2250"]
[BlackElo "2430"]
[PlyCount "71"]
[EventDate "1997.02.14"]

1. e4 d6 2. d4 Nf6 3. Bd3 e5 4. c3 d5 5. dxe5 Nxe4 6. Nf3 Be7 7. Nbd2 Nc5 8.
Bc2 Bg4 9. O-O Nc6 10. Re1 Qd7 11. Nb3 O-O-O 12. h3 Bh5 13. Nbd4 Nxd4 14. cxd4
Ne6 15. Be3 Bb4 16. Rf1 Ba5 17. Bf5 Bb6 18. a4 a6 19. b4 Kb8 20. Ra3 Qe7 21.
Rb3 Bxf3 22. gxf3 Qh4 23. Bxe6 fxe6 24. Kg2 Rhf8 25. a5 Ba7 26. b5 axb5 27.
Rxb5 c6 28. Rb4 c5 29. Rb6 Bxb6 30. axb6 Qh5 31. Qa4 Qxf3+ 32. Kg1 Qxh3 33. Ra1
Qg4+ 34. Kf1 Kc8 35. Qb5 Kb8 36. Qa4 1/2-1/2

[Event "II Festival A Carnevale"]
[Site "Camaiore ITA"]
[Date "1997.02.??"]
[Round "?"]
[White "Sarno, Spartaco"]
[Black "Ferraro, Francesco"]
[Result "1-0"]
[WhiteElo "2430"]
[BlackElo "1860"]
[PlyCount "81"]
[EventDate "1997.02.14"]

1. e4 e5 2. Nf3 Nf6 3. Nc3 Bb4 4. Nxe5 O-O 5. Nd3 Bxc3 6. dxc3 Nxe4 7. Be2 d5
8. O-O Bf5 9. Be3 Nd7 10. Nf4 c6 11. c4 dxc4 12. Bxc4 Ne5 13. Bb3 Qc7 14. f3
Nf6 15. Qd4 Rfd8 16. Qc3 Ng6 17. Nxg6 Bxg6 18. Rad1 b6 19. Bg5 Rd7 20. Bxf6
gxf6 21. Qxf6 Qd8 22. Qxd8+ Raxd8 23. Rxd7 Rxd7 24. c3 Kf8 25. Rd1 Ke7 26.
Rxd7+ Kxd7 27. Kf2 Kd6 28. Ke3 c5 29. Kf4 f6 30. Bc4 h6 31. g4 Kc6 32. h4 b5
33. Bg8 c4 34. g5 hxg5+ 35. hxg5 fxg5+ 36. Kxg5 Bb1 37. a3 a5 38. f4 Kc5 39. f5
Bxf5 40. Kxf5 b4 41. a4 1-0

[Event "II Festival A Carnevale"]
[Site "Camaiore ITA"]
[Date "1997.02.??"]
[Round "?"]
[White "Sedina, Elena"]
[Black "Aglietti, Graziano"]
[Result "0-1"]
[WhiteElo "2400"]
[BlackElo "1713"]
[PlyCount "90"]
[EventDate "1997.02.14"]

1. e4 c5 2. Nf3 g6 3. c3 Bg7 4. d4 cxd4 5. cxd4 d6 6. h3 Nf6 7. Nc3 O-O 8. Be2
a6 9. O-O b5 10. a3 Bb7 11. d5 Nbd7 12. Be3 Rc8 13. Rc1 Nb6 14. Nd2 e6 15. dxe6
fxe6 16. Qb3 d5 17. Rfd1 Nfd7 18. exd5 Nxd5 19. Nde4 Qe7 20. Bg4 Rc4 21. Bg5
N7f6 22. Nxf6+ Bxf6 23. Re1 Rxg4 24. hxg4 Bxg5 25. Rcd1 Nxc3 26. Qxc3 Qf7 27.
Re2 Bd5 28. b3 Qb7 29. Qh3 Qc7 30. Qd3 Qf7 31. a4 bxa4 32. bxa4 Qf4 33. Qd4 Qc7
34. Qd3 Qf4 35. Qd4 Qc7 36. Qd3 Rf4 37. Rc2 Qb7 38. Rdc1 Rf8 39. Rc7 Qb6 40.
R1c5 Qd6 41. Qh3 Rf7 42. Rxf7 Kxf7 43. Qxh7+ Ke8 44. Qxg6+ Kd7 45. Qf7+ Be7 0-1

[Event "II Festival A Carnevale"]
[Site "Camaiore ITA"]
[Date "1997.02.??"]
[Round "?"]
[White "Sedina, Elena"]
[Black "Panattoni, Angelo"]
[Result "1-0"]
[WhiteElo "2400"]
[BlackElo "1633"]
[PlyCount "85"]
[EventDate "1997.02.14"]

1. e4 e5 2. Nf3 Nc6 3. Bb5 Qf6 4. O-O Bc5 5. c3 a6 6. Ba4 b5 7. Bc2 d6 8. d4
Bb6 9. a4 Rb8 10. Qe2 Bg4 11. Nbd2 exd4 12. axb5 Ne5 13. cxd4 Nxf3+ 14. Nxf3
Bxf3 15. gxf3 a5 16. e5 dxe5 17. dxe5 Qe6 18. f4 Ne7 19. Qe4 Qg4+ 20. Kh1 Qh3
21. Bd2 O-O 22. Rg1 Rfd8 23. Ra3 Qh4 24. Qg2 Ng6 25. Be3 Bxe3 26. fxe3 Rxb5 27.
f5 Rxe5 28. fxg6 hxg6 29. e4 Qf4 30. Rf3 Qd2 31. Rf2 Qd4 32. Bb3 Rf8 33. Bd5
Rg5 34. Qxg5 Qxf2 35. Qxg6 Qf3+ 36. Qg2 Qxg2+ 37. Rxg2 Kh7 38. b3 f6 39. Ra2
Rb8 40. Rxa5 c6 41. Bxc6 Rxb3 42. Rh5+ Kg8 43. Bd5+ 1-0

[Event "II Festival A Carnevale"]
[Site "Camaiore ITA"]
[Date "1997.02.??"]
[Round "?"]
[White "Sedina, Elena"]
[Black "Randazzo, Sergio"]
[Result "1-0"]
[WhiteElo "2400"]
[BlackElo "1967"]
[PlyCount "81"]
[EventDate "1997.02.14"]

1. e4 c5 2. Nf3 Nc6 3. Bb5 e6 4. O-O Nge7 5. c3 d5 6. exd5 Qxd5 7. Re1 a6 8.
Bf1 Ng6 9. d4 Be7 10. c4 Qd6 11. d5 exd5 12. cxd5 Nb4 13. Nc3 Bf5 14. Nd2 O-O-O
15. a3 Bc2 16. Qf3 Ne5 17. Rxe5 Qxe5 18. Nc4 Qf6 19. Qxf6 Bxf6 20. axb4 cxb4
21. Nb6+ Kc7 22. Nca4 Bxa4 23. Nxa4 Rxd5 24. Bf4+ Be5 25. Be3 Kb8 26. Nb6 Rdd8
27. Nc4 Bc7 28. Be2 f5 29. Bf3 Rhe8 30. g3 Rd7 31. Ra4 Bd8 32. Rxb4 g5 33. Bc6
Rd1+ 34. Kg2 Re6 35. Bxb7 Be7 36. Rb3 Kc7 37. Bf3 Rd7 38. Nb6 f4 39. gxf4 gxf4
40. Nxd7 fxe3 41. Rb7+ 1-0

[Event "II Festival A Carnevale"]
[Site "Camaiore ITA"]
[Date "1997.02.??"]
[Round "?"]
[White "Simeoni, Matteo"]
[Black "Sarno, Spartaco"]
[Result "0-1"]
[WhiteElo "1797"]
[BlackElo "2430"]
[PlyCount "48"]
[EventDate "1997.02.14"]

1. e4 d6 2. d4 Nf6 3. Nc3 g6 4. Nf3 Bg7 5. Be2 O-O 6. O-O c6 7. a4 a5 8. h3 Na6
9. Re1 Bd7 10. Bf1 Nc7 11. e5 Nfe8 12. Bg5 f6 13. exd6 exd6 14. Bh4 d5 15. g4
Ne6 16. Ne5 Bc8 17. Nd3 g5 18. Bg3 Nxd4 19. f4 gxf4 20. Nxf4 f5 21. Nh5 fxg4
22. Rxe8 Qxe8 23. Nxg7 Qe3+ 24. Kh2 Nf3+ 0-1

[Event "II Festival A Carnevale"]
[Site "Camaiore ITA"]
[Date "1997.02.??"]
[Round "?"]
[White "Sulava, Nenad"]
[Black "Cappellari, Mario"]
[Result "1-0"]
[WhiteElo "2380"]
[BlackElo "1696"]
[PlyCount "65"]
[EventDate "1997.02.14"]

1. d4 g6 2. c4 Bg7 3. Nf3 d6 4. Nc3 f5 5. e4 fxe4 6. Nxe4 Nf6 7. Bd3 O-O 8. O-O
Nc6 9. d5 Nxe4 10. Bxe4 Ne5 11. Ng5 Qe8 12. Qa4 c6 13. Bd2 Bd7 14. Bc3 Rc8 15.
Rae1 h6 16. Ne6 Bxe6 17. dxe6 g5 18. Bb1 Ng6 19. Bd2 Be5 20. g3 Rf6 21. Kh1 Kg7
22. f4 gxf4 23. gxf4 Bd4 24. Bxg6 Rxg6 25. f5 Rg5 26. Bxg5 hxg5 27. Rg1 Bxg1
28. Rxg1 Kf6 29. Qd1 Qg8 30. h4 c5 31. Qg4 Kg7 32. hxg5 Kf8 33. Qf3 1-0

[Event "II Festival A Carnevale"]
[Site "Camaiore ITA"]
[Date "1997.02.??"]
[Round "?"]
[White "Sulava, Nenad"]
[Black "Corvi, Marco"]
[Result "0-1"]
[WhiteElo "2380"]
[BlackElo "2235"]
[PlyCount "70"]
[EventDate "1997.02.14"]

1. Nf3 f5 2. d4 Nf6 3. e3 g6 4. b4 Bg7 5. Bb2 d5 6. c4 c6 7. Nbd2 Be6 8. Qc2
Nbd7 9. g3 h6 10. Bg2 O-O 11. O-O Ne4 12. a4 Qe8 13. b5 g5 14. Ne1 Nxd2 15.
Qxd2 Nb6 16. cxd5 Bxd5 17. Qb4 Bxg2 18. Nxg2 Qf7 19. Rac1 Nd5 20. Qc4 Rac8 21.
Qd3 c5 22. Ba3 c4 23. Rxc4 Nf4 24. gxf4 Qxc4 25. Qxc4+ Rxc4 26. fxg5 Rxa4 27.
Bxe7 Rf7 28. Bd8 hxg5 29. Bxg5 Rb4 30. Nf4 Rxb5 31. Rc1 a5 32. h4 a4 33. Kg2 a3
34. Ne6 a2 35. Rc8+ Rf8 0-1

[Event "II Festival A Carnevale"]
[Site "Camaiore ITA"]
[Date "1997.02.??"]
[Round "?"]
[White "Tamburini, Lorenzo"]
[Black "Corvi, Marco"]
[Result "0-1"]
[WhiteElo "1606"]
[BlackElo "2235"]
[PlyCount "92"]
[EventDate "1997.02.14"]

1. e4 c5 2. Nf3 d6 3. Bb5+ Bd7 4. Bxd7+ Qxd7 5. O-O Nc6 6. d4 cxd4 7. Nxd4 Nf6
8. f3 g6 9. c4 Bg7 10. Ne2 Qe6 11. Qa4 Nd7 12. Na3 Nb6 13. Qb5 O-O 14. Be3 Qe5
15. Qxe5 Bxe5 16. Nc3 Bxc3 17. bxc3 Na4 18. Rab1 b6 19. Rfc1 Rfc8 20. Kf2 Ne5
21. Ke2 Nxc4 22. Nxc4 Rxc4 23. Kd3 Rc6 24. Rb4 Nc5+ 25. Kd2 Rac8 26. Bd4 Nb7
27. g4 Na5 28. Kd3 f6 29. Bf2 Kf7 30. Rc2 Nc4 31. Be1 Ne5+ 32. Ke3 Rc5 33. h3
a5 34. Rb3 b5 35. f4 Nc4+ 36. Kd3 d5 37. Bf2 dxe4+ 38. Kxe4 Nd6+ 39. Kd4 b4 40.
Kd3 Rd5+ 41. Ke2 Rc4 42. Be3 Nb5 43. Rd2 Nxc3+ 44. Kf3 Rxd2 45. Bxd2 Nxa2 46.
Rb2 Nc3 0-1

[Event "II Festival A Carnevale"]
[Site "Camaiore ITA"]
[Date "1997.02.??"]
[Round "?"]
[White "Turturici, Pellegrino"]
[Black "Barlov, Dragan"]
[Result "0-1"]
[WhiteElo "1731"]
[BlackElo "2455"]
[PlyCount "58"]
[EventDate "1997.02.14"]

1. e4 c5 2. Nf3 e6 3. d4 cxd4 4. Nxd4 a6 5. c4 b6 6. Be2 Bb7 7. Bf3 Qc7 8. Nd2
Nf6 9. Qe2 d6 10. O-O Nbd7 11. g3 g6 12. Bg2 Bg7 13. Rd1 O-O 14. b3 Rac8 15.
Ba3 Rfd8 16. Rac1 Qb8 17. f4 Nc5 18. b4 Na4 19. N2f3 b5 20. e5 dxe5 21. fxe5
Ng4 22. h3 Nxe5 23. cxb5 Nxf3+ 24. Nxf3 Nc3 25. Rxd8+ Rxd8 26. Qf2 Nxb5 27. Bb2
Bxb2 28. Qxb2 Qxg3 29. Qf6 Rd2 0-1

[Event "II Festival A Carnevale"]
[Site "Camaiore ITA"]
[Date "1997.02.??"]
[Round "?"]
[White "Wojtkiewicz, Aleksander"]
[Black "Ferretti, Folco"]
[Result "1-0"]
[WhiteElo "2565"]
[BlackElo "2255"]
[PlyCount "65"]
[EventDate "1997.02.14"]

1. Nf3 d5 2. d4 Nf6 3. c4 c6 4. Qc2 g6 5. Bf4 Bf5 6. Qb3 Qb6 7. c5 Qxb3 8. axb3
Na6 9. Nc3 Bg7 10. h3 Ne4 11. Ra4 f6 12. b4 O-O 13. e3 Nxc3 14. bxc3 Nb8 15.
Be2 Nd7 16. b5 e5 17. Bh2 Be4 18. O-O cxb5 19. Bxb5 Nb8 20. dxe5 Bxf3 21. exf6
Bxf6 22. gxf3 Bxc3 23. Rd1 Nc6 24. Kg2 a6 25. Be2 Rf5 26. Bd6 Kg7 27. f4 h5 28.
Bf3 Nb4 29. Rc1 Bd2 30. Rb1 a5 31. Be5+ Rxe5 32. fxe5 Bc3 33. Ra3 1-0

[Event "V Torneo del Litorale A"]
[Site "Roma ITA"]
[Date "1997.02.??"]
[Round "?"]
[White "Alderisio, Piero"]
[Black "Colombrini, Adolfo"]
[Result "0-1"]
[WhiteElo "1558"]
[BlackElo "1659"]
[PlyCount "66"]
[EventDate "1997.02.07"]

1. e4 c5 2. d4 cxd4 3. c3 Nc6 4. Nf3 g6 5. Bc4 Bg7 6. cxd4 d6 7. Ng5 e6 8. d5
Nd4 9. O-O Qc7 10. dxe6 fxe6 11. Bd3 Ne7 12. Be3 O-O 13. Nc3 a6 14. Rc1 Nec6
15. Nd5 Qa5 16. Nc3 Bd7 17. a3 Rac8 18. f4 Qd8 19. Bc4 Qe7 20. Rf2 h6 21. Nh3
Kh7 22. Rd2 e5 23. Nd5 Qd8 24. Nf2 Na5 25. Bxd4 Nxc4 26. Rdc2 Ba4 27. Nb6 Bxc2
28. Rxc2 Nxb6 29. Rxc8 Nxc8 30. Bc3 Rxf4 31. g3 Rf8 32. Ng4 Qb6+ 33. Kg2 h5 0-1

[Event "V Torneo del Litorale A"]
[Site "Roma ITA"]
[Date "1997.02.??"]
[Round "?"]
[White "Alderisio, Piero"]
[Black "Luzi, Alessandro"]
[Result "0-1"]
[WhiteElo "1558"]
[BlackElo "1567"]
[PlyCount "38"]
[EventDate "1997.02.07"]

1. e4 d6 2. d4 Nf6 3. Nc3 g6 4. Bf4 Bg7 5. Qd2 O-O 6. O-O-O Re8 7. Bc4 c6 8. a3
b5 9. Ba2 a5 10. Nf3 b4 11. Ng5 bxc3 12. Bxf7+ Kh8 13. Qxc3 Rf8 14. Ba2 Nxe4
15. Nxe4 Rxf4 16. Ng5 e6 17. Bxe6 Qxg5 18. Qe3 Bxe6 19. Qxe6 Re4+ 0-1

[Event "V Torneo del Litorale A"]
[Site "Roma ITA"]
[Date "1997.02.??"]
[Round "?"]
[White "Alderisio, Piero"]
[Black "Tommasini, Enzo"]
[Result "0-1"]
[WhiteElo "1558"]
[BlackElo "2075"]
[PlyCount "56"]
[EventDate "1997.02.07"]

1. e4 e6 2. d4 d5 3. Nc3 Nf6 4. Bg5 Bb4 5. e5 h6 6. Bxf6 gxf6 7. Nf3 Nd7 8. Be2
c5 9. a3 Ba5 10. Bb5 Qb6 11. dxc5 Bxc3+ 12. bxc3 Qxb5 13. exf6 Qxc5 14. Qd4
Qxd4 15. cxd4 b6 16. Ne5 Nxf6 17. f3 Ba6 18. Kf2 Rc8 19. Rhc1 Ke7 20. Rab1 Rc3
21. Rb3 Rhc8 22. Rxc3 Rxc3 23. g4 Ne8 24. h4 Nd6 25. a4 f6 26. Ng6+ Kf7 27. Nf4
Rc4 28. Re1 Rxc2+ 0-1

[Event "V Torneo del Litorale A"]
[Site "Roma ITA"]
[Date "1997.02.??"]
[Round "?"]
[White "Balducci, Walter"]
[Black "Marinelli, Franco"]
[Result "0-1"]
[WhiteElo "1591"]
[BlackElo "1522"]
[PlyCount "82"]
[EventDate "1997.02.07"]

1. e4 d6 2. d4 Nf6 3. Nc3 g6 4. Nf3 Bg7 5. Bd3 Bg4 6. Be3 c6 7. h3 Bxf3 8. Qxf3
Qb6 9. O-O-O Qc7 10. Rhe1 O-O 11. g4 Nbd7 12. h4 e5 13. h5 exd4 14. Bxd4 Ne5
15. Bxe5 dxe5 16. hxg6 fxg6 17. Qh3 g5 18. f4 Qc8 19. Bc4+ Kh8 20. f5 Rd8 21.
Bd3 Qc7 22. Ne2 Qf7 23. Kb1 b5 24. Ng1 Ng8 25. Nf3 Bf6 26. Rh1 Rd7 27. Rd2 Rad8
28. Rdh2 a6 29. Qh5 Qg7 30. Qh3 c5 31. Qg2 h6 32. a3 c4 33. Be2 Qf8 34. Qg3 Re8
35. Rh5 Qg7 36. R1h3 Kh7 37. Qh2 Rdd8 38. a4 Rd7 39. axb5 axb5 40. b3 Ra7 41.
bxc4 Rea8 0-1

[Event "V Torneo del Litorale A"]
[Site "Roma ITA"]
[Date "1997.02.??"]
[Round "?"]
[White "Balducci, Walter"]
[Black "Raccah, Ascer"]
[Result "1-0"]
[WhiteElo "1591"]
[BlackElo "1528"]
[PlyCount "39"]
[EventDate "1997.02.07"]

1. e4 e5 2. Bc4 Nf6 3. d4 Nxe4 4. dxe5 Nc5 5. Nf3 Be7 6. Nc3 O-O 7. O-O Nc6 8.
a3 b6 9. b4 Ne6 10. Qe2 Bb7 11. Be3 Bg5 12. Rad1 Bxe3 13. Qxe3 Ne7 14. Bd3 f5
15. Bc4 Qe8 16. Ng5 Ng6 17. Rxd7 Kh8 18. Bxe6 Bc8 19. Qh3 h6 20. Qxh6+ 1-0

[Event "V Torneo del Litorale A"]
[Site "Roma ITA"]
[Date "1997.02.??"]
[Round "?"]
[White "Balducci, Walter"]
[Black "Verrascina, Roberto"]
[Result "0-1"]
[WhiteElo "1591"]
[BlackElo "2225"]
[PlyCount "50"]
[EventDate "1997.02.07"]

1. e4 Nf6 2. e5 Nd5 3. d4 d6 4. c4 Nb6 5. exd6 cxd6 6. Bd3 g6 7. Be3 Nc6 8. a3
Bg7 9. Ne2 O-O 10. Nbc3 d5 11. cxd5 Nxd5 12. Nxd5 Qxd5 13. Nf4 Qd6 14. d5 Ne5
15. Qb3 Ng4 16. O-O g5 17. Qc4 gxf4 18. Bxf4 Be5 19. Bg3 Bd7 20. Rae1 Bxg3 21.
fxg3 Qb6+ 22. Kh1 Nf2+ 23. Rxf2 Qxf2 24. Rf1 Qe3 25. Rf4 Rac8 0-1

[Event "V Torneo del Litorale A"]
[Site "Roma ITA"]
[Date "1997.02.??"]
[Round "?"]
[White "Cenni, Franco"]
[Black "Laudati, Adriano"]
[Result "0-1"]
[WhiteElo "1552"]
[BlackElo "1852"]
[PlyCount "126"]
[EventDate "1997.02.07"]

1. d4 e6 2. c4 f5 3. Nf3 Nf6 4. Bf4 Bb4+ 5. Nbd2 d6 6. a3 Bxd2+ 7. Nxd2 O-O 8.
h3 b6 9. e3 Bb7 10. Nf3 Nbd7 11. Be2 Ne4 12. O-O g5 13. Bh2 h5 14. Nd2 Nxd2 15.
Qxd2 g4 16. hxg4 hxg4 17. f3 Qh4 18. Qe1 Qg5 19. Bf4 Qh5 20. Qg3 Nf6 21. Kf2
Qg6 22. Rh1 Nh5 23. Qh4 Nxf4 24. exf4 Kg7 25. Qg5 Qxg5 26. fxg5 gxf3 27. Bxf3
Bxf3 28. gxf3 f4 29. Rh6 Rae8 30. Re1 e5 31. dxe5 Rxe5 32. Rxe5 dxe5 33. Re6
Rd8 34. Rxe5 Rd2+ 35. Re2 Rd7 36. Ke1 Kg6 37. Re5 c5 38. Rd5 Rh7 39. Rd2 Kxg5
40. Rg2+ Kf5 41. Kd2 Rd7+ 42. Kc3 Re7 43. Rf2 Re3+ 44. Kc2 Ke5 45. b3 Re1 46.
a4 Kd4 47. Rd2+ Ke3 48. Rd3+ Kf2 49. Rd7 Kxf3 50. Rxa7 Kf2 51. Rb7 Re6 52. Kd3
f3 53. Rf7 Kg2 54. Rg7+ Kf1 55. Rf7 f2 56. Kd2 Re4 57. Rf6 Kg2 58. Rg6+ Kf3 59.
Rf6+ Rf4 60. Rxf4+ Kxf4 61. Ke2 Kg3 62. Kf1 Kf3 63. b4 cxb4 0-1

[Event "V Torneo del Litorale A"]
[Site "Roma ITA"]
[Date "1997.02.??"]
[Round "?"]
[White "Cenni, Franco"]
[Black "Mazziotto, Nicola"]
[Result "1-0"]
[WhiteElo "1552"]
[BlackElo "1522"]
[PlyCount "71"]
[EventDate "1997.02.07"]

1. d4 Nf6 2. c4 g6 3. Nc3 d5 4. c5 Bg7 5. e3 O-O 6. Be2 b6 7. b4 a5 8. b5 bxc5
9. dxc5 Ne4 10. Nxe4 Bxa1 11. Ng5 e6 12. h4 Qf6 13. f4 Qc3+ 14. Bd2 Qxc5 15. h5
f6 16. Qxa1 fxg5 17. hxg6 hxg6 18. Qh8+ Kf7 19. Qh7+ Ke8 20. Qxg6+ Kd8 21.
Qxg5+ Qe7 22. Qxe7+ Kxe7 23. Rh7+ Kd6 24. Bc1 Nd7 25. g4 Bb7 26. Ba3+ c5 27.
bxc6+ Kxc6 28. Bxf8 Rxf8 29. a4 Nc5 30. Bb5+ Kd6 31. Nf3 Bc6 32. Bxc6 Kxc6 33.
Ne5+ Kd6 34. Ra7 Nxa4 35. Rxa5 Nc5 36. Rxc5 1-0

[Event "V Torneo del Litorale A"]
[Site "Roma ITA"]
[Date "1997.02.??"]
[Round "?"]
[White "Cenni, Franco"]
[Black "Wyss, Walter"]
[Result "1-0"]
[WhiteElo "1552"]
[BlackElo "2210"]
[PlyCount "39"]
[EventDate "1997.02.07"]

1. d4 c5 2. Nf3 cxd4 3. Nxd4 e6 4. c4 Nf6 5. Nc3 Bb4 6. Bd2 O-O 7. a3 Bxc3 8.
Bxc3 Ne4 9. Qc2 f5 10. e3 b6 11. f3 Nxc3 12. Qxc3 Bb7 13. Be2 a6 14. O-O Nc6
15. Rad1 Rc8 16. Nxe6 Qf6 17. Nxf8 Qxc3 18. bxc3 Rxf8 19. Rxd7 Na5 20. Rfd1 1-0

[Event "V Torneo del Litorale A"]
[Site "Roma ITA"]
[Date "1997.02.??"]
[Round "?"]
[White "Chiacchiararelli, Bruno"]
[Black "Pezzaldi, Roberto"]
[Result "0-1"]
[WhiteElo "1771"]
[BlackElo "2105"]
[PlyCount "44"]
[EventDate "1997.02.07"]

1. d4 e6 2. e4 d5 3. e5 c5 4. c3 Nc6 5. Nf3 Qb6 6. a3 Bd7 7. b4 cxd4 8. cxd4
Rc8 9. Be3 Nge7 10. Bd3 Ng6 11. h4 Nge7 12. Nbd2 Nf5 13. g4 Nxe3 14. fxe3 Ne7
15. O-O f5 16. exf6 gxf6 17. Qe2 e5 18. dxe5 Bxg4 19. Bb5+ Kd8 20. exf6 Qxf6
21. Ne5 Bxe2 22. Rxf6 Rg8+ 0-1

[Event "V Torneo del Litorale A"]
[Site "Roma ITA"]
[Date "1997.02.??"]
[Round "?"]
[White "Chiacchiararelli, Bruno"]
[Black "Quimi, Marco"]
[Result "0-1"]
[WhiteElo "1771"]
[BlackElo "2245"]
[PlyCount "34"]
[EventDate "1997.02.07"]

1. d4 Nf6 2. c4 c5 3. Nf3 g6 4. Nc3 cxd4 5. Nxd4 Bg7 6. e3 O-O 7. Be2 Nc6 8.
O-O d5 9. Nxc6 bxc6 10. Qa4 Qb6 11. cxd5 cxd5 12. Bf3 Bb7 13. Rd1 Rfd8 14. Bd2
Rab8 15. Rab1 Bc6 16. Qf4 e5 17. Qxe5 Ne4 0-1

[Event "V Torneo del Litorale A"]
[Site "Roma ITA"]
[Date "1997.02.??"]
[Round "?"]
[White "Chiacchiararelli, Bruno"]
[Black "Scagliarini, Bruno"]
[Result "1-0"]
[WhiteElo "1771"]
[BlackElo "1728"]
[PlyCount "45"]
[EventDate "1997.02.07"]

1. d4 Nf6 2. c4 e6 3. Nf3 c5 4. Nc3 Nc6 5. d5 exd5 6. cxd5 Nb8 7. e4 d6 8. Be2
g6 9. O-O Bg7 10. Bf4 Nh5 11. Bg5 f6 12. Be3 f5 13. Bb5+ Bd7 14. exf5 O-O 15.
Bxd7 Nxd7 16. Ng5 Re8 17. Ne6 Qc8 18. Nb5 Rxe6 19. fxe6 Ne5 20. Nxd6 Qc7 21.
Ne4 Nc4 22. d6 Nxb2 23. dxc7 1-0

[Event "V Torneo del Litorale A"]
[Site "Roma ITA"]
[Date "1997.02.??"]
[Round "?"]
[White "Colombrini, Adolfo"]
[Black "De Carolis, Massimo"]
[Result "1/2-1/2"]
[WhiteElo "1659"]
[BlackElo "1666"]
[PlyCount "117"]
[EventDate "1997.02.07"]

1. e4 d6 2. d4 Nf6 3. Nc3 c6 4. Be2 Qa5 5. Bf3 e5 6. Nge2 Nbd7 7. O-O Be7 8.
Ng3 exd4 9. Qxd4 Ne5 10. Be2 O-O 11. f4 Ng6 12. Bd2 Qc7 13. Rae1 b6 14. Kh1 a5
15. Be3 Rb8 16. a4 d5 17. e5 Ng4 18. Bxg4 Bc5 19. Qd1 Bxg4 20. Qxg4 Bxe3 21.
Rxe3 d4 22. Rd3 dxc3 23. Rxc3 Rbd8 24. Ne4 Rd4 25. f5 Qxe5 26. Re3 Nf4 27. f6
g6 28. Ref3 Rxe4 29. Rxf4 Rxf4 30. Qxf4 Qxf4 31. Rxf4 Rd8 32. h3 Rd6 33. Kh2 g5
34. Rf2 h6 35. c3 Kh7 36. b4 Kg6 37. Kg3 axb4 38. cxb4 Rd4 39. Rb2 Rd3+ 40. Kf2
Rc3 41. a5 bxa5 42. bxa5 Ra3 43. Rb6 Rxa5 44. Rxc6 Rf5+ 45. Kg3 Rxf6 46. Rc4
Re6 47. Kf3 f6 48. g4 h5 49. Rb4 Rc6 50. Rb3 hxg4+ 51. hxg4 f5 52. gxf5+ Kxf5
53. Kg3 Kg6 54. Rd3 Kh5 55. Re3 Rf6 56. Rb3 Rf4 57. Rd3 Rg4+ 58. Kh3 Rg1 59.
Kh2 1/2-1/2